| 000 | 00740nam a2200193Ia 4500 | ||
|---|---|---|---|
| 999 |
_c15208 _d15208 |
||
| 082 | _aTV.0106 | ||
| 100 | _aVenkataiah, N. | ||
| 245 | 0 | _aImpact of the farmer's functional literacy programme on the participants in Andhra Pradesh | |
| 260 |
_c1976 _bSri Venkateswara University |
||
| 300 | _a578p. | ||
| 650 | _aFARMERS FUNCTIONAL LITERACY PROJECT//FARMERS TRAINING AND FUNCTIONAL LITERACY PROJECT | ||
| 650 | _aFARMERS - SOCIAL CONDITIONS//FARMERS SOCIO-ECONOMIC STATUS | ||
| 650 | _aFARMERS TRAINING AND FUNCTIONAL LITERACY PROJECT | ||
| 650 | _aFARMERS SOCIO-ECONOMIC STATUS | ||
| 650 | _aFARMERS - SOCIO-ECONOMIC STATUS//FARMERS SOCIO-ECONOMIC STATUS | ||
| 650 | _aFARMERS | ||
| 710 | _aRao, R. Srinivasa | ||
| 942 |
_cTH _2ddc |
||